Special Interaction Approaches and Their Impact on Usability
Gespeichert in:
| 1. Verfasser: | |
|---|---|
| Weitere Verfasser: | |
| Format: | Manuskript Buch |
| Sprache: | Englisch |
| Veröffentlicht: |
Bratislava :
STU v Bratislave FIIT,
2011
|
| Schlagworte: | |
| Online-Zugang: | VAIS |
| Tags: |
Keine Tags, Fügen Sie das erste Tag hinzu!
|
MARC
| LEADER | 00000ntm a22000003a 4500 | ||
|---|---|---|---|
| 001 | stu242260 | ||
| 005 | 20180423132042.2 | ||
| 008 | 120124s2011----xo------------------eng-d | ||
| 040 | |a STU |b slo | ||
| 041 | 0 | |a eng | |
| 044 | |a xo | ||
| 100 | 1 | |a Kovárová, Alena, |d 1981- |4 aut |u I300 |U FIIT Fakulta informatiky a informačných technológií |T FIIT Ústav aplikovanej informatiky |X 38836 |U I300 |Y 180 |7 38836 | |
| 242 | 0 | 0 | |a Špeciálne prístupy k interakcii a ich vplyv na použiteľnosť |y slo |
| 245 | 1 | |a Special Interaction Approaches and Their Impact on Usability | |
| 260 | |a Bratislava : |b STU v Bratislave FIIT, |c 2011 | ||
| 650 | 7 | |a Aplikovaná informatika |2 stusub | |
| 650 | 7 | |a vzdelávanie |2 stusub | |
| 650 | 7 | |a stereometria |2 stusub | |
| 650 | 7 | |a adaptívny |2 stusub | |
| 650 | 7 | |a laserové ukazovadlo |2 stusub | |
| 700 | 1 | |a Šperka, Martin, |d 1945- |4 ths |X 1924 |7 1924 | |
| 856 | 4 | |a info a plný text |u http://is.stuba.sk/zp/portal_zp.pl?podrobnosti=45756 |3 VAIS | |